LDR 00623nam a2200181 i 4500 001 000000103098 003 CaOOAMICUS 005 20260408093440.0 008 010914s1990 it u000 u ita u 040 $aSeMil$bita 245 10$a15: Q-Ria. 300 $a1020 p. 773 0 $aBattaglia, Salvatore <1904-1971>$tGrande dizionario della lingua italiana.$dTorino : UTET, 1961-2009.$g15$w()6614 850 $aSeMil 852 $aSeMil$W1$xVenegono$y1$mSL1.A V 15$j269838$B59559$CSeMilBibl$Z2$F44048 $8I 961 $aSottoscrizione: UTET (Agente) 996 $6245$a15: Q-Ria$9(OLS)http://semarc/title/149838